Bảo vệ các quyền con người bằng pháp luật hình sự thực định Việt Nam : sách chuyên khảo

Saved in:
Bibliographic Details
Format: Sách
Language:Undetermined
Published: Hồng Đức 2021
Subjects:
Tags: Add Tag
No Tags, Be the first to tag this record!
Institutions: Trung tâm Thư viện - Trường Đại học Công nghiệp TP. Hồ Chí Minh
LEADER 00509nam a2200133Ia 4500
001 UIH_00296
008 230809s9999 xx 000 0 und d
082 |a 345.597 
245 0 |a Bảo vệ các quyền con người bằng pháp luật hình sự thực định Việt Nam : sách chuyên khảo 
260 |b Hồng Đức 
260 |c 2021 
650 |a Luật hình sự; 
927 |a Sách 
980 |a Trung tâm Thư viện - Trường Đại học Công nghiệp TP. Hồ Chí Minh